| 000 | 00767nam a2200253Ia 4500 | ||
|---|---|---|---|
| 003 | OSt | ||
| 005 | 20220928101601.0 | ||
| 006 | a|||||r|||| 00| 0 | ||
| 007 | ta | ||
| 008 | 220927b |||||||| |||| 00| 0 eng d | ||
| 020 | _c350 | ||
| 024 | _a120272 | ||
| 037 |
_b65, 18/10/2013, Vidyanidhi Prakashan _cTextual |
||
| 040 |
_aSDCL _cSDCL _beng |
||
| 041 |
_2eng _aeng |
||
| 082 | _aR60aA, Q2 | ||
| 100 |
_aHirano Katsunori _9392011 |
||
| 245 | 0 | _aNyaya-vaisesika philosophy and text science | |
| 260 |
_aDelhi _bMotilal Banarsidass Publishers Private Limited _c2012 |
||
| 300 |
_a1;125p _ccm. |
||
| 650 |
_aSanskrit _9391587 |
||
| 942 |
_hR60aA, Q2 _cTEXL _2CC |
||
| 999 |
_c707850 _d707850 |
||